Statistics for 15 Largest Cities in Scandinavia

Click here to take the quiz!

General Stats

  • This quiz has been taken 112 times
  • The average score is 11 of 15

Answer Stats

PopulationCityCountry% Correct
666,759StockholmSweden
100%
1,358,000CopenhagenDenmark
98%
632,340OsloNorway
98%
636,365HelsinkiFinland
94%
328,494MalmöSweden
94%
556,640GothenburgSweden
92%
340,421AarhusDenmark
86%
278,556BergenNorway
85%
228,355TampereFinland
67%
200,563OdenseDenmark
65%
214,559UppsalaSweden
65%
211,937AalborgDenmark
64%
200,486OuluFinland
53%
274,672EspooFinland
52%
219,400VantaaFinland
31%

Score Distribution

Percentile by Number Answered

Percent of People with Each Score

Your Score History

You have not taken this quiz